Vegetables and Fruits Beginning with 'C' Quiz Stats

 Plays Quiz not verified by Sporcle

Challenge
Share
Tweet
Embed
Score 0/17 Timer 05:00
0 Plays Today
% Correct
Carrot
80.5%
Cucumber
57.9%
Celery
55.8%
Cherry
54.7%
Cabbage
51.6%
Cauliflower
50.5%
Cranberry
38.4%
Corn
35.8%
Cantaloupe
33.7%
% Correct
Coconut
24.7%
Clementine
15.3%
Chard
12.6%
Chicory
12.1%
Currant
10%
Chickpea
8.9%
Cassava
3.2%
Collards
1.6%

You're not logged in!

Compare scores with friends on all Sporcle quizzes.
OR
Log In

You Might Also Like...

Show Comments

Extras

Created Jul 10, 2010ReportNominate
Tags:Begins With, fruit, vegetable

Top Quizzes Today


Score Distribution

Your Account Isn't Verified!

In order to create a playlist on Sporcle, you need to verify the email address you used during registration. Go to your Sporcle Settings to finish the process.

Report this User

Report this user for behavior that violates our Community Guidelines.

Details: